The monthly journal of the Incorporated Society of Auctioneers and Landed Property Agents (Record no. 105173)

MARC details
000 -LEADER
fixed length control field 00684cam a2200193 4500
001 - CONTROL NUMBER
control field ##L132535
008 - FIXED-LENGTH DATA ELEMENTS--GENERAL INFORMATION
fixed length control field 060216n1927 000 0 eng u
035 ## - SYSTEM CONTROL NUMBER
System control number (Sirsi) u132535
041 0# - LANGUAGE CODE
Language code of text/sound track or separate title eng
050 04 - LIBRARY OF CONGRESS CALL NUMBER
Classification number 333.332 $2 22
110 2# - MAIN ENTRY--CORPORATE NAME
Corporate name or jurisdiction name as entry element Incorporated Society of Auctioneers and Landed Property Agents
9 (RLIN) 4878
245 04 - TITLE STATEMENT
Title The monthly journal of the Incorporated Society of Auctioneers and Landed Property Agents
260 ## - PUBLICATION, DISTRIBUTION, ETC.
Place of publication, distribution, etc. London
Name of publisher, distributor, etc. ISALPA
Date of publication, distribution, etc. 1927
300 ## - PHYSICAL DESCRIPTION
Extent 1
Type of unit v
Other physical details ill
Dimensions 23cm.
490 #0 - SERIES STATEMENT
Series statement ISALPA
Volume/sequential designation 1(1-12)
520 ## - SUMMARY, ETC.
Summary, etc. Featuring editorials and notices of acts, bills, annual dinner events presidential meetings and lectures.
690 ## - LOCAL SUBJECT ADDED ENTRY--TOPICAL TERM (OCLC, RLIN)
Topical term or geographic name as entry element Auctioneering
9 (RLIN) 6218
942 ## - ADDED ENTRY ELEMENTS (KOHA)
Suppress in OPAC 0
Holdings
Withdrawn status Lost status Source of classification or shelving scheme Damaged status Not for loan Home library Current library Shelving location Date acquired Total Checkouts Full call number Barcode Date last seen Copy number Price effective from Koha item type
    Dewey Decimal Classification     London London RICS Boxes 16/02/2006   ISVA/24 30071875 06/08/2019 1 06/08/2019 Reference material